| 000 | 00622nam a2200205 i 4500 | ||
|---|---|---|---|
| 001 | 38844 | ||
| 003 | ES-MaACL | ||
| 005 | 20230912063104.0 | ||
| 007 | t| | ||
| 008 | 030226s1879 sp ||||1| spa d | ||
| 080 | _a821.134.2-14"18" | ||
| 100 | 1 |
_aCampoamor, Ramón de, _d1817-1901 _934232 |
|
| 245 | 1 | 4 |
_aLos pequeños poemas / _cpor Ramón de Campoamor. |
| 250 | _aEd. de lujo. | ||
| 260 |
_aMadrid : _bEnglish y Gras, _c1879 ( _fEnrique Rubiños) |
||
| 300 |
_aXLV, 406 p. ; _c21 cm. |
||
| 852 |
_aES-MaACL _jE-13115 _z.- Legado M. de la Fuente |
||
| 852 |
_aES-MaACL _jC-32427 |
||
| 999 |
_c38844 _d38844 |
||